Miasta na E - Statystyki

Ogólne statystyki
  • Ten quiz został rozwiązany 70 razy
  • Średni wynik to 4 z 10
Statystyki odpowiedzi
Podpowiedź Miasto % Poprawnych
W warmińsko-mazurskim, koło pomorskiego Elbląg
94%
Stolica Szkocji Edynburg
86%
W warmińsko-mazurskim, koło Suwałk Ełk
73%
Stolica państwa w Kaukazie Erywań
64%
W Zagłębiu Ruhry Essen
48%
W Kanadzie, w prowincji Alberta Edmonton
36%
Teksańskie miasto graniczące z Meksykiem El Paso
16%
Znane z Biblii Efez
9%
Miasto na Krymie Eupatoria
9%
W Meksyku Ecatepec
3%
Nie znaleziono quizów pasujących do podanych kryteriów
Rozkład punktacji
Procent ludzi z każdym wynikiem
Percentyl według liczby udzielonych odpowiedzi
Twoja historia wyników
Nie rozwiązałeś tego quizu